Normal view
MARC view
- الصهيونية-امريكا-تاريخ
Entry Topical Term
001 - CONTROL NUMBER
- control field: 47776
003 - CONTROL NUMBER IDENTIFIER
- control field: JO-AjAnu
005 - DATE AND TIME OF LATEST TRANSACTION
- control field: 20230606081902.0
008 - FIXED-LENGTH DATA ELEMENTS
- fixed length control field: 230606|| aca||aabn | a|a d
040 ## - CATALOGING SOURCE
- Original cataloging agency: JO-AjAnu
- Transcribing agency: JO-AjAnu
150 ## - HEADING--TOPICAL TERM
- Topical term or geographic name entry element: الصهيونية-امريكا-تاريخ
670 ## - SOURCE DATA FOUND
- Source citation: Work cat.: (JO-AjAnu)24447: تاليف والت، ستبفن، م.مشارك ميرزهايمر، جون؛ ترجمة وتقديم المحامى، محمد الحموري, author 47775, اللوبي الإسرائيلي والسياسة الأمريكية الخارجية: تقرير هارفاد = THE ISRAEL LOBBY AND USFOREIGN POLICY